| 000 | 00799nam a22002297a 4500 | ||
|---|---|---|---|
| 999 |
_c4793 _d4793 |
||
| 003 | AR-CdUCM | ||
| 008 | 190311b ||||| |||| 00| 0 spa d | ||
| 020 | _a968-16-1672-3 | ||
| 040 |
_aMUNICIPALIDAD PROVINCIAL DEL CUSCO _cBIBLIOTECA MUNICIPAL DEL CUSCO |
||
| 082 |
_a869.1 / _bV66 |
||
| 100 |
_aVillaurrutia, Xavier _914800 |
||
| 245 |
_aNostalgia de la muerte : _bpoemas y teatro / |
||
| 260 |
_aMéxico : _bFondo de Cultura Económica, _c1953. |
||
| 300 |
_a195 páginas ; _c21 cm. |
||
| 440 |
_aLecturas Mexicanas. _n36 _914801 |
||
| 505 | _aContenido: Primeros poemas -- Reflejos -- Suite del insomnio -- Nostalgia de la muerte -- Otros nocturnos -- Nostalgias ... | ||
| 650 |
_aPoesía _9139 |
||
| 650 |
_aLiteratura _983 |
||
| 650 |
_aMéxico _918 |
||
| 942 |
_2ddc _cLIBROS |
||
| 945 | _aachl | ||